书目信息 |
| 题名: |
双联行动与精准扶贫发展研究
|
|
| 作者: | 赵铁军 , 曲涛 著 | |
| 分册: | ||
| 出版信息: | 北京 经济日报出版社 2016 |
|
| 页数: | 166页 | |
| 开本: | 36cm | |
| 丛书名: | 书香中国学术文库 | |
| 单 册: | ||
| 中图分类: | F127.42 | |
| 科图分类: | ||
| 主题词: | 扶贫--研究--甘肃 | |
| 电子资源: | ||
| ISBN: | 978-7-5196-0013-6 | |
| 000 | 01066oam2 2200289 450 | |
| 001 | 012001004950 | |
| 005 | 20140928162350.0 | |
| 010 | @a978-7-5196-0013-6@dCNY36.00 | |
| 100 | @a20170328d2016 em y0chiy50 ea | |
| 101 | 0 | @achi |
| 102 | @aCN@b110000 | |
| 105 | @ay z 000yy | |
| 106 | @ar | |
| 200 | 1 | @a双联行动与精准扶贫发展研究@9shuang lian xing dong yu jing zhun fu pin fa zhan yan jiu@e助力甘肃老区全面脱贫@f赵铁军,曲涛著 |
| 210 | @a北京@c经济日报出版社@d2016 | |
| 215 | @a166页@d36cm | |
| 225 | 1 | @a书香中国学术文库 |
| 300 | @a陇东学院学术著作基金资助 甘肃省社科规划项目资助 | |
| 330 | @a本书内容包括:扶贫理论与甘肃老区扶贫实践的历史沿革、双联机制下甘肃革命老区扶贫对象精准识别的程序、双联机制下甘肃革命老区精准帮扶策略等。 | |
| 461 | 0 | @12001 @a书香中国学术文库 |
| 517 | 1 | @a助力甘肃老区全面脱贫@9zhu li gan su lao qu quan mian tuo pin |
| 606 | 0 | @a扶贫@x研究@y甘肃 |
| 690 | @aF127.42@v5 | |
| 701 | 0 | @a赵铁军@9zhao tie jun@4著 |
| 701 | 0 | @a曲涛@9qu tao@4著 |
| 801 | 0 | @aCN@b上海新华@c20180901 |
| 905 | @b1167373-7@dF127.42@e350@f5 | |
| 双联行动与精准扶贫发展研究:助力甘肃老区全面脱贫/赵铁军,曲涛著.-北京:经济日报出版社,2016 |
| 166页;36cm.-(书香中国学术文库) |
| 陇东学院学术著作基金资助 甘肃省社科规划项目资助 |
| ISBN 978-7-5196-0013-6:CNY36.00 |
| 本书内容包括:扶贫理论与甘肃老区扶贫实践的历史沿革、双联机制下甘肃革命老区扶贫对象精准识别的程序、双联机制下甘肃革命老区精准帮扶策略等。 |
| ● |
| 相关链接 |
|
|
|
|
正题名:双联行动与精准扶贫发展研究
索取号:F127.42/350
 
预约/预借
| 序号 | 登录号 | 条形码 | 馆藏地/架位号 | 状态 | 备注 |
| 1 | 1167373 | 211673731 | 第一样本阅览室/ [索取号:F127.42/350] | 在馆 | |
| 2 | 1167374 | 211673740 | 密集书库-海洋学院/ [索取号:F127.42/350] | 在馆 | |
| 3 | 1167375 | 211673759 | 第一借阅区/ [索取号:F127.42/350] | 在馆 | |
| 4 | 1167376 | 211673768 | 第一借阅区/ [索取号:F127.42/350] | 在馆 | |
| 5 | 1167377 | 211673777 | 第一借阅区/ [索取号:F127.42/350] | 在馆 |